The Boys #58 /

A return visit to Doctor Peculiar's yields more damning evidence against Jack from Jupiter- but even with a major supe in his sights, Butcher seems less and less happy with where the Boys' latest investigation is leading them. Hughie goes peeping where he really shouldn't, and learns...

Full description

Bibliographic Details
Corporate Author: Library Pass, LLC
Other Authors: Ennis, Garth (writer.)
Format: eBook
Language:English
Published: [United States] : Dynamite, 2011.
Subjects:
Online Access:Connect to this electronic book (First time users create your free account)

MARC

Tag First Indicator Second Indicator Subfields
LEADER 00000nmm a22000001a 4500
001 in00004624921
006 m|||||o||m||||||||
007 cr|cn |||uuuuu
008 221118s2011 xxu||||eo|||| ||||||eng d
005 20221207221135.5
035 |a (TxWaIVM)IV7566DyTh 
040 |a TxWaIVM  |c TxWaIVM 
245 0 4 |a The Boys #58 /  |c powered by Library Pass. 
260 3 |a [United States] :  |b Dynamite,  |c 2011. 
300 |a 1 online resource. 
336 |a text  |b txt  |2 rdacontent 
337 |a computer  |b c  |2 rdamedia 
338 |a online resource  |b cr  |2 rdacarrier 
520 |a A return visit to Doctor Peculiar's yields more damning evidence against Jack from Jupiter- but even with a major supe in his sights, Butcher seems less and less happy with where the Boys' latest investigation is leading them. Hughie goes peeping where he really shouldn't, and learns more about Queen Maeve than he ever wanted to know. And before they know it, our heroes find themselves face to face with their deadliest enemies of all. Things go nuclear fast, in part three of The Big Ride. 
521 |a 3 
538 |a Requires a valid library card and registration for new users. 
538 |a Mode of access: World Wide Web. 
538 |a System requirements: Flash 10.1 or higher, Windows XP and higher, Internet Explorer 7 and higher, Firefox 3.6 and higher, Google Chrome; Max OS 10.5 and higher, Safari 4 and higher. 
650 0 |a Comic books, strips, etc. 
655 7 |a Electronic books.  |2 local 
655 7 |a Comic books, strips, etc.  |2 gsafd 
700 1 |a Ennis, Garth.  |e writer. 
700 1 |a Braun, Russ.  |e artist. 
710 2 |a Library Pass, LLC. 
856 4 0 |u http://proxy.library.tamu.edu/login?url=https://tamu.librarypass.com/product/com.iversecomics.dynamite.the.boys.fifty.eight.10062011  |z Connect to this electronic book (First time users create your free account)  |t 0 
955 |a Comics Plus. 
999 f f |s d9d3819b-48ab-40a6-8105-49c6348061bc  |i 9a369305-cc00-4ddd-ae2b-c8a4304553c8  |t 0 
952 f f |a Texas A&M University  |b College Station  |c Electronic Resources  |d Available Online  |t 0  |h Library of Congress classification 
998 f f |t 0  |l Available Online